Ecosystems around the world

This book present details about ecosystems as living things and their environment, food chains and food webs, cycles of life,...

Bewaard in:
Bibliografische gegevens
Formaat: Boek
Taal:Undetermined
Gepubliceerd in: New York McGraw-Hill 2000
Onderwerpen:
Tags: Voeg label toe
Geen labels, Wees de eerste die dit record labelt!
Thư viện lưu trữ: Trung tâm Học liệu Trường Đại học Cần Thơ
LEADER 00730nam a2200193Ia 4500
001 CTU_168182
008 210402s9999 xx 000 0 und d
082 |a 577 
082 |b E19 
245 0 |a Ecosystems around the world 
245 0 |c Richard Moyer...[ et al.] 
260 |a New York 
260 |b McGraw-Hill 
260 |c 2000 
520 |a This book present details about ecosystems as living things and their environment, food chains and food webs, cycles of life,... 
650 |a Ecology,Ecosystem management,English,Sinh thái học,Quản lý hệ thống sinh thái,Tiếng anh 
650 |x Study and teaching,Dạy và học 
904 |i Năm 
980 |a Trung tâm Học liệu Trường Đại học Cần Thơ